000 00947nam a2200229Ia 4500
999 _c39210
_d39210
001 5796
003 GE_BSU
005 20190424104833.0
008 181216s1965ge xx |||||||||||||| ||geo||
040 _cGE_BSU
080 _a624.04(076)
100 _aრთველაძე, შ.
_9446
245 _aსამშენებლო მექანიკის სავარჯიშოები :
_bსახელმძღვ. /
_cშ. რთველაძე, დ. სანაძე.
264 _aთბილისი :
_bგანათლება,
_c1965.
300 _a380გვ. :
_bნახაზ. ;
_c27 სმ.
300 _e.
504 _aბიბლიოგრ. : გვ.375.
653 _aსამშენებლო მექანიკა
653 _aსამშენებლო მექანიკის სავარჯიშოები
700 _a სანაძე, დ.
_9447
942 _cBK
_2udc